01884nam0a22002891 4500001001100000005001700011021001900028035002600047100004100073101000800114102000700122105001800129200071500147210003200862215001600894300013800910606008501048702003201133702004701165702003801212702002801250702007301278712017801351801001801529801002201547852002501569rc\499394020260407041632.0 aRUb[63-47988] a(NLR Aleph) 008989151 a20130430d1963 |||y0rusy50 ca0 arus aRU ay ac |||||1 aСпециальные способы проходки горных выработокe(Библиогр. указатель книжной и журн. отечеств. и иностр. литературы за 1950-1961 гг.)fПод общ. ред. чл.-кор. АН СССР Г.И. Маньковского и канд. техн. наук Н.Н. ЕршоваgГос. ком. по топливной пром-сти при Госплане СССР. Центр. науч.-исслед. ин-т информации и техн.-экон. исследований угольной пром-сти. Ин-т горного дела им. А.А. Скочинского. Науч.-техн. б-ка aМоскваcБ. и.d1963 a256 с.d20 aНа обороте тит. л. сост.: Ю.Д. Гуреева, Л.В. Ильина-Миткевич и Л.Г. Поплавская aПроходка горных выработокjБиблиография2psbo 1aГурееваbЮ.Д.4220 1aИльина-МиткевичbЛ.В.4220 1aПоплавскаяbЛ.Г.4220 1aЕршовbН.Н.4340 1aМаньковскийbГ.И.gГригорий Ильич434002aИнститут горного дела им. А. А. СкочинскогоcМоскваbНаучно-техническая библиотека3RU\NLR\AUTH\8810013778 0aRUbNLRgpsbo 1aRUbELAR2rusmarc aNLRjС335-410/С-71